Loading...
Fine Arts - Visual Fine Arts | 1 | 7 | 0 | 0 | 85 | 65 | 108.50 | 0 | 3 |
Fine Arts - Auditory Fine Arts | 0 | 6 | 0 | 1 | 60 | 94 | 127.00 | 0 | 1 |
Fine Arts - Other Fine Arts | 1 | 4 | 0 | 1 | 55 | 79 | 107.40 | 0 | 2 |
Literature - British Literature | 0 | 5 | 0 | 1 | 50 | 94 | 118.00 | 0 | 2 |
Literature - World Literature | 0 | 5 | 0 | 1 | 50 | 87 | 116.20 | 0 | 5 |
Social Science | 0 | 3 | 0 | 1 | 30 | 81 | 99.67 | 1 | 2 |
Literature - American Literature | 0 | 3 | 0 | 0 | 30 | 83 | 103.33 | 0 | 0 |
Literature - European Literature | 0 | 3 | 1 | 0 | 25 | 103 | 109.00 | 0 | 1 |
History - European History | 0 | 2 | 0 | 0 | 20 | 70 | 96.50 | 0 | 2 |
Mythology | 0 | 2 | 1 | 0 | 15 | 92 | 117.00 | 0 | 1 |
Science - Other Science | 0 | 1 | 0 | 0 | 10 | 97 | 97.00 | 0 | 0 |
History - Other History | 0 | 1 | 0 | 0 | 10 | 88 | 88.00 | 0 | 0 |
Science - Chemistry | 0 | 1 | 0 | 0 | 10 | 110 | 110.00 | 0 | 0 |
Religion | 0 | 1 | 1 | 0 | 5 | 100 | 100.00 | 0 | 1 |
Philosophy | 0 | 0 | 0 | 0 | 0 | 0.00 | 0 | 0 | |
History - American History | 0 | 0 | 1 | 0 | -5 | 0.00 | 0 | 0 |